Le ... ? - Clic Quiz - Statistiques

Statistiques générales
  • Ce quiz a été pris 143 fois
  • Le résultat moyen est 25 sur 40
Statistiques - réponses
Hint Explanation Réponse % Correct
Extrait du film d'animation Le Chat potté
92%
Extrait du film "Le loup de Wall Street" avec Leonardo Di Caprio Le loup de Wall Street
90%
Extrait du film "Le Parrain" avec Marlon Brando Le Parrain
90%
Le jeu de réflexion Le démineur en animation Le démineur
88%
Le jeu de réflexion Le Morpion en animation Le Morpion
88%
Extrait du film "Le diable s'habille en Prada" avec Meryl Streep Le diable s'habille en Prada
87%
t Extrait du film américain satirique réalisé par Charlie Chaplin "Le Dictateur" Le Dictateur
87%
Le jeu de logique Le Sudoku en animation Le Sudoku
86%
Le jeu de vidéo de puzzle Tétris en animation Le tétris
86%
Le chat de Philippe Geluck Le Chat de Geluck
84%
Extrait du film "Le Comte de Monte-Cristo" avec Pierre Niney Le Comte de Monte-Cristo
83%
Extrait de la série TV Le Flambeau : Les Aventuriers de Chupacabra avec ici Laura Felpin notamment Le Flambeau
83%
Le temps passe avec un sablier Le temps passe
81%
Le diabète est une maladie chronique caractérisée par la présence d'un excès de sucre dans le sang, appelé hyperglycémie Le diabète
80%
Le compte est bon dans cet extrait des chiffres et des lettres Le compte est bon
77%
Extrait du film "Le Cercle des poètes disparus" avec Robin Williams Le Cercle des poètes disparus
74%
Réplique "Hum le caca c'est délicieux !" de cet extrait du film La Tour Montparnasse Infernale avec Eric et Ramzy Le caca c'est délicieux !
72%
Extrait du film "Le Corniaud" avec ici Bourvil Le Corniaud
70%
Charles-Édouard Jeanneret-Gris, dit Le Corbusier, est un architecte, urbaniste, décorateur, peintre, sculpteur, auteur suisse naturalisé français Le Corbusier
67%
Dans la théologie catholique, l'hostie devient le corps du Christ Le Corps du Christ
64%
Image de la série TV Le Destin de Lisa Le Destin de Lisa
64%
Le mot le plus long dans cet extrait des chiffres et des lettres Le mot le plus long
62%
Extrait du film "Le jour le plus long" avec notamment John Wayne Le jour le plus long
57%
Extrait du film "Le Père Noël est une ordure" avec ici Christian Clavier Le Père Noël est une ordure
57%
Le Havre et son Stade Océane Le Havre
56%
Extrait du film "Le Pari" avec Campan et Bourdon Le Pari
56%
Un bidet est utilisé pour nettoyer la zone intime après l'utilisation des toilettes. Dans cet extrait, son utilisation est un peu détourné Le bidet
54%
Le Touquet-Paris-Plage, couramment appelée Paris-Plage jusqu'au milieu du XXᵉ siècle puis Le Touquet, est une commune française située dans le département du Pas-de-Calais Le Touquet
54%
Jerome Le Banner vs. Nicholas Pettas
K-1 World Grand Prix 2000 in Nagoya (July 30, 2000)
Le Banner
52%
John Gillman alias Le Protecteur, est le principal antagoniste de la série TV The Boys Le Protecteur
50%
Extrait du film "Le Jaguar" avec Bruel et Reno notamment Le Jaguar
45%
Extrait du film "Le Boulet" avec Benoit Poelvoorde Le Boulet
40%
Extrait du film "Le Cerveau" avec David Niven Le Cerveau
30%
Voici un extrait de l'émission culte de Guy Lux "Le Schmilblic" Le Schmilblic
30%
Nino Ferrer chante "Le Sud" extrait de l'album Nino and Radiah Le Sud
30%
Extrait du film "Le Guignolo" avec Jean-Paul Belmondo Le Guignolo
26%
Extrait du film "Le bonheur est dans le pré" avec Eric Cantona Le bonheur est dans le pré
25%
Court extrait du générique de la série TV "Le Rebelle" Le Rebelle
25%
Extrait du film "Le Baltringue" avec Vincent Lagaf Le Baltringue
24%
Le perchman, également appelé assistant son ou perchiste, est, sur un tournage, l'assistant du chef-opérateur du son. Voici ici l'Extrait d'un clash culte de Jean-Pierre Mocky lors du tournage du film "Le parapluie de Cherbourg" : Mais où est-ce qu'il est ce con de perchman ? Le Perchman
19%
Aucun quiz correspondant
Distribution des résultats
% des personnes avec chaque résultat
Percentile par nombre de réponses
Votre historique - résultats
Vous n’avez pas pris ce quiz